Untangling eviction, disadvantage, race, and social processes: neighborhood factors influencing crime
Eviction is concentrated in poor communities of color, and studies indicate eviction may affect social processes. Community and crime literature demonstrates that structural factors, such as socio-economic status and racial composition, are linked with crime and that social processes protect neighbo...
| 1. VerfasserIn: | |
|---|---|
| Medienart: | Elektronisch Aufsatz |
| Sprache: | Englisch |
| Veröffentlicht: |
2022
|
| In: |
Crime & delinquency
Jahr: 2022, Band: 68, Heft: 4, Seiten: 594-612 |
| Online-Zugang: |
Volltext (lizenzpflichtig) |
| Verfügbarkeit prüfen: | HBZ Gateway |
| Schlagwörter: |
MARC
| LEADER | 00000naa a2200000 c 4500 | ||
|---|---|---|---|
| 001 | 1798121832 | ||
| 003 | DE-627 | ||
| 005 | 20220407140334.0 | ||
| 007 | cr uuu---uuuuu | ||
| 008 | 220407s2022 xx |||||o 00| ||eng c | ||
| 024 | 7 | |a 10.1177/00111287211010492 |2 doi | |
| 035 | |a (DE-627)1798121832 | ||
| 035 | |a (DE-599)KXP1798121832 | ||
| 040 | |a DE-627 |b ger |c DE-627 |e rda | ||
| 041 | |a eng | ||
| 100 | 1 | |a Kirk, Eileen M. |e VerfasserIn |4 aut | |
| 245 | 1 | 0 | |a Untangling eviction, disadvantage, race, and social processes |b neighborhood factors influencing crime |c Eileen M. Kirk |
| 264 | 1 | |c 2022 | |
| 336 | |a Text |b txt |2 rdacontent | ||
| 337 | |a Computermedien |b c |2 rdamedia | ||
| 338 | |a Online-Ressource |b cr |2 rdacarrier | ||
| 520 | |a Eviction is concentrated in poor communities of color, and studies indicate eviction may affect social processes. Community and crime literature demonstrates that structural factors, such as socio-economic status and racial composition, are linked with crime and that social processes protect neighborhoods from crime. Therefore, eviction is likely concentrated in neighborhoods vulnerable to crime, but the connection between eviction and neighborhood violent crime has not yet been examined. Using data from Princeton University’s Eviction Lab National Database, the National Neighborhood Crime Study 2, and the Boston Neighborhood Survey, this Boston-based study is a first step in filling this knowledge gap. Findings indicate that eviction is positively associated with crime and partially explains why crime is concentrated in disadvantaged communities of color. | ||
| 650 | 4 | |a Eviction | |
| 650 | 4 | |a Crime | |
| 650 | 4 | |a Housing | |
| 650 | 4 | |a Collective Efficacy | |
| 650 | 4 | |a Concentrated disadvantage | |
| 773 | 0 | 8 | |i Enthalten in |t Crime & delinquency |d Thousand Oaks, Calif. [u.a.] : Sage Publications, 1960 |g 68(2022), 4, Seite 594-612 |h Online-Ressource |w (DE-627)306655128 |w (DE-600)1499997-3 |w (DE-576)081985045 |x 1552-387X |7 nnas |
| 773 | 1 | 8 | |g volume:68 |g year:2022 |g number:4 |g pages:594-612 |
| 856 | 4 | 0 | |u http://doi.org/10.1177/00111287211010492 |x Verlag |z lizenzpflichtig |3 Volltext |7 1 |
| 951 | |a AR | ||
| ELC | |a 1 | ||
| LOK | |0 000 xxxxxcx a22 zn 4500 | ||
| LOK | |0 001 4113441545 | ||
| LOK | |0 003 DE-627 | ||
| LOK | |0 004 1798121832 | ||
| LOK | |0 005 20220407140334 | ||
| LOK | |0 008 220407||||||||||||||||ger||||||| | ||
| LOK | |0 040 |a DE-21-110 |c DE-627 |d DE-21-110 | ||
| LOK | |0 092 |o n | ||
| LOK | |0 852 |a DE-21-110 | ||
| LOK | |0 852 1 |9 00 | ||
| LOK | |0 935 |a krub | ||
| LOK | |0 939 |a 07-04-22 |b l01 | ||
| ORI | |a SA-MARC-krimdoka001.raw | ||
